000 03062 a2200241 4500
001 45487
005 20260407155727.0
008 260407a2009 arg spa d
003 AR-UNSa-BCEJYS
040 _aAR-UNSa-BCEJYS
_bspa
_cAR-UNSa-BCEJYS
080 _a338.124
_xRetroceso de la actividad económica. Contracción económica (Pobreza...)
245 1 0 _aGeografía de la pobreza en el norte grande argentino
020 _a978-987-05-7010-3
264 1 _aTucumán :
_bInstituto de Investigaciones Geohistóricas CONICET
_c2009
300 _a294 p.
_c28 cm.
505 _aCapítulo I : Objetivos y métodos : A. Objetivos generales y específicos. Campo conceptual y metodológico / Alfredo Bolsi, Horacio Madariaga, Norma Meichtry y Pablo Paolasso – B. La pobreza según otros indicadores. Posibilidades y problemas / Alejandra Fantín, Horacio Madariaga, Norma Meichtry y Pablo Paolasso – C. Sobre los conceptos de pobreza y subdesarrollo en el pensamiento económico moderno. La pobreza en la teoría económica tradicional / Hugo Ferullo - - Capítulo II : Núcleos duros, índices vitales y escenarios : A. Incidencia, intensidad y “ núcleos duros “ de la pobreza en el norte grande Argentino / Alfredo Bolsi, Claudia Hernández, Horacio Madariaga y Pablo Paolasso – B. El comportamiento de los índices vitales durante la década de 1990 / Alejandra Fantín, Fernando Longhi y Patricia Ortiz de D´Arterio – C. Algunos escenarios de la pobreza de un territorio fraccionado / Alfredo Bolsi, Alejandro Fntaín, Norma Meichtry, Pablo Paolasso y Viviana Pérez - - Capitulo III : El territorio : A. Ámbitos regional. Interrogantes y conjeturas. El territorio del norte grande Argentino como contexto de la pobreza / Alfredo Bolsi, Fernando Longhi, Norma Meichtry y Pablo Paolasso - - Capítulo IV : Caracteres de la pobreza según sus niveles : A. Atributos de los hogares y de la población del norte según los niveles de pobreza / Alfredo Bolsi y Horacio Madariaga con la colaboración de Viviana Pérez – B. Natalidad y mortalidad según los niveles de pobreza en el norte grande Argentino / Alejandra Fantín, Fernando Longhi y Patricia Ortiz de D´Arterio - - Capítulo V : Mundo agrario y pobreza : A. Mundo agrario y pobreza / Alfredo Bolsi, Pablo Paolasso y Ana Rivas - - Capítulo VI : Las ciudades y sus pobres : A. La pobreza en los aglomerados urbanos del norte grande Argentino / Alfredo Bolsi y Marcelo Mignone – B. Las condiciones de la pobreza en las localidades intermedias / Pablo Paolasso y Matías Toni – C. Notas sobre la pobreza urbana del norte a partir de las encuestas permanentes de hogares / Alfredo Bolsi – D. Migraciones intraprovinciales y pobreza en las capitales del norte grande Argentino entre 1995 y 2002 / Pablo Paolasso y Viviana Pérez.
041 _aspa
942 _cBK
590 _aniveau_biblio:m niveau_hierar:0
100 1 _aPaolasso, Pablo
700 1 _aBolsi, Alfredo S.C.
856 4 1 _uhttps://www.biblioeco.unsa.edu.ar/pmb/images/libros/L127119
_yImagen de portada
_qimage/jpeg
999 _c3940
_d3940